[Event "Tch-CRO 1stA liga 2017"]
[Site "Mali Losinj"]
[Date "2017.10.01"]
[Round "4.44"]
[White "Djurovic, Goran"]
[Black "Matanovic, Luka"]
[Result "1-0"]
[WhiteElo "2387"]
[BlackElo "2211"]
[PlyCount "93"]
[EventDate "2017.??.??"]
[EventCountry "CRO"]

1. b3 e5 2. Bb2 Nc6 3. e3 Nf6 4. c4 d5 5. cxd5 Nxd5 6. a3 Bd6 7. d3 O-O 8. Nf3
Kh8 9. Nbd2 f5 10. Be2 Qe7 11. Nc4 Bd7 12. O-O Rae8 13. Re1 Rf6 14. Bf1 b5 15.
Nxd6 cxd6 16. Rc1 Rh6 17. g3 Nf6 18. Bg2 e4 19. Nd2 Ne5 20. Bxe5 Qxe5 21. Rc7
d5 22. Rxa7 d4 23. dxe4 dxe3 24. fxe3 Qc5 25. Ra5 Bc6 26. b4 Qb6 27. Nf1 Nxe4
28. Qd4 Qb8 29. a4 Rd6 30. Qb2 Qb7 31. axb5 Bxb5 32. Rea1 Rd7 33. Qa3 h6 34.
Ra7 Qb6 35. Rxd7 Bxd7 36. Qa7 Qd6 37. Qd4 Qc6 38. Ra7 Re7 39. Qb2 Qb6 40. Ra8+
Kh7 41. Qd4 Qc6 42. Ra7 Rf7 43. Qe5 Qc2 44. Qf4 g5 45. Bxe4 Qb3 46. Bxf5+ Bxf5
47. Qxf5+ 1-0

[Event "Tch-CRO 1stA liga 2017"]
[Site "Mali Losinj"]
[Date "2017.10.01"]
[Round "4.45"]
[White "Vukelic, Tomislav"]
[Black "Bukal, Vladimir Jr"]
[Result "1/2-1/2"]
[WhiteElo "2226"]
[BlackElo "2397"]
[PlyCount "98"]
[EventDate "2017.??.??"]
[EventCountry "CRO"]

1. c4 e6 2. Nc3 Bb4 3. e3 Nf6 4. d4 O-O 5. Bd3 d6 6. Nge2 e5 7. O-O Nc6 8. d5
Ne7 9. a3 Bxc3 10. Nxc3 h6 11. b4 c6 12. e4 Ng6 13. g3 a5 14. Bd2 Bh3 15. Re1
Nh7 16. dxc6 bxc6 17. b5 Ne7 18. Be3 Nf6 19. Be2 Rc8 20. f3 Be6 21. Rc1 d5 22.
cxd5 cxd5 23. Nxd5 Nexd5 24. Rxc8 Qxc8 25. exd5 Nxd5 26. Qc1 Qb7 27. Bf2 Rc8
28. Qd2 Nc3 29. b6 Bd5 30. Kg2 e4 31. Kg1 Nxe2+ 32. Qxe2 exf3 33. Qe7 Qxe7 34.
Rxe7 Rc1+ 35. Re1 Rc3 36. Re3 Rc2 37. Re5 Rc1+ 38. Re1 Rc3 39. Re3 Rc2 40. Re5
Rd2 41. Re8+ Kh7 42. h3 Rd1+ 43. Re1 Rd3 44. Re3 Rxe3 45. Bxe3 g5 46. a4 Kg6
47. Bd2 Kf5 48. Kf2 Ke4 49. Bxa5 h5 1/2-1/2

[Event "Tch-CRO 1stA liga 2017"]
[Site "Mali Losinj"]
[Date "2017.10.01"]
[Round "4.46"]
[White "Bozinovic, Bogdan"]
[Black "Soldo, Josip"]
[Result "1/2-1/2"]
[WhiteElo "2174"]
[BlackElo "2122"]
[PlyCount "72"]
[EventDate "2017.??.??"]
[EventCountry "CRO"]

1. d4 d5 2. c4 e6 3. Nc3 Nf6 4. Bg5 Be7 5. e3 h6 6. Bh4 b6 7. Nf3 Bb7 8. Rc1
Nbd7 9. Bd3 dxc4 10. Bxc4 O-O 11. O-O Rc8 12. Qe2 c6 13. Rfd1 b5 14. Bb3 a6 15.
Ne5 Nh7 16. Bg3 Ndf6 17. Nd3 Qb6 18. f3 Rfd8 19. Bf2 c5 20. dxc5 Bxc5 21. Nxc5
Rxd1+ 22. Rxd1 Qxc5 23. e4 Qe7 24. Qd2 Nf8 25. Qd4 Ng6 26. g3 Kh7 27. Kg2 Qe8
28. a3 Rc7 29. Qb6 Rd7 30. Rxd7 Qxd7 31. Qd4 Qc6 32. Kf1 Nd7 33. Ke2 Nde5 34.
Qc5 Qd7 35. Qd4 Qc6 36. Qc5 Qd7 1/2-1/2

[Event "Tch-CRO 1stA liga 2017"]
[Site "Mali Losinj"]
[Date "2017.10.01"]
[Round "4.51"]
[White "Srbis, Jurica"]
[Black "Ponkratov, Pavel"]
[Result "0-1"]
[WhiteElo "2421"]
[BlackElo "2591"]
[PlyCount "100"]
[EventDate "2017.??.??"]
[EventCountry "CRO"]

1. e4 g6 2. d4 Bg7 3. Nc3 d5 4. exd5 Nf6 5. Bc4 Nbd7 6. Nge2 Nb6 7. Bb5+ Bd7 8.
Bd3 Nbxd5 9. Nxd5 Nxd5 10. O-O O-O 11. Bg5 h6 12. Bd2 Qc8 13. Qc1 Kh7 14. c4
Nb6 15. Ng3 f5 16. Re1 e6 17. Bf4 c5 18. d5 Re8 19. dxe6 Rxe6 20. h4 Qf8 21. h5
Rxe1+ 22. Qxe1 g5 23. Bc7 Qf6 24. Rd1 Kg8 25. b3 Re8 26. Qa5 Qc6 27. Bxb6 axb6
28. Qd2 Qc8 29. Bc2 Be6 30. Re1 f4 31. Nf5 Qd7 32. Qxd7 Bxd7 33. Rxe8+ Bxe8 34.
Ne7+ Kf8 35. Nd5 Bxh5 36. Nxb6 Ke7 37. Be4 Kd6 38. Na4 Bd4 39. Bxb7 Bg6 40. Bf3
h5 41. Kf1 g4 42. Be2 Kc7 43. Ke1 Bf5 44. a3 Bd7 45. Bd1 h4 46. Kf1 f3 47. gxf3
g3 48. Kg2 Bxf2 49. Nc3 h3+ 50. Kf1 Bd4 0-1

[Event "Tch-CRO 1stA liga 2017"]
[Site "Mali Losinj"]
[Date "2017.10.01"]
[Round "4.52"]
[White "Martinovic, Sasa"]
[Black "Radovanovic, Nikola"]
[Result "1/2-1/2"]
[WhiteElo "2565"]
[BlackElo "2398"]
[PlyCount "51"]
[EventDate "2017.??.??"]
[EventCountry "CRO"]

1. d4 Nf6 2. c4 g6 3. Nc3 Bg7 4. e4 d6 5. Nf3 O-O 6. h3 c5 7. d5 e6 8. Bd3 exd5
9. exd5 Re8+ 10. Be3 Rxe3+ 11. fxe3 Qe7 12. O-O Nbd7 13. Qd2 Nh5 14. e4 Ne5 15.
Nxe5 Bxe5 16. Ne2 Bd7 17. Rf3 Rf8 18. Raf1 a6 19. b3 Nf6 20. Kh1 Bc8 21. Bc2
Nd7 22. a3 Bg7 23. b4 b6 24. Ng1 Ne5 25. Rc3 g5 26. bxc5 1/2-1/2

[Event "Tch-CRO 1stA liga 2017"]
[Site "Mali Losinj"]
[Date "2017.10.01"]
[Round "4.53"]
[White "Ivekovic, Zvonimir"]
[Black "Cvitan, Ognjen"]
[Result "1/2-1/2"]
[WhiteElo "2409"]
[BlackElo "2487"]
[PlyCount "44"]
[EventDate "2017.??.??"]
[EventCountry "CRO"]

1. e4 e5 2. Nf3 Nc6 3. Bc4 Bc5 4. c3 Nf6 5. d4 exd4 6. cxd4 Bb4+ 7. Nc3 Nxe4 8.
O-O Bxc3 9. d5 Bf6 10. Re1 Ne7 11. Rxe4 d6 12. Bb5+ Bd7 13. Bxd7+ Qxd7 14. Bg5
Bxg5 15. Nxg5 O-O 16. Nxh7 Kxh7 17. Qh5+ Kg8 18. Rh4 f5 19. Re1 Nxd5 20. Qh7+
Kf7 21. Qh5+ Kg8 22. Qh7+ Kf7 1/2-1/2

[Event "Tch-CRO 1stA liga 2017"]
[Site "Mali Losinj"]
[Date "2017.10.01"]
[Round "4.54"]
[White "Kurajica, Bojan"]
[Black "Ostovic, Matija"]
[Result "1/2-1/2"]
[WhiteElo "2509"]
[BlackElo "2334"]
[PlyCount "51"]
[EventDate "2017.??.??"]
[EventCountry "CRO"]

1. Nf3 Nf6 2. d4 g6 3. g3 Bg7 4. Bg2 O-O 5. O-O d5 6. c4 c6 7. Qb3 Qb6 8. Nc3
Rd8 9. Rd1 Bf5 10. Ne1 Ne4 11. cxd5 cxd5 12. Qxb6 axb6 13. Bf4 Nc6 14. Nb5 Ra4
15. f3 Nxd4 16. Nxd4 Bxd4+ 17. Rxd4 Rxd4 18. fxe4 Bxe4 19. Be3 Rb4 20. b3 Bxg2
21. Kxg2 Re4 22. Kf2 Rd6 23. Rd1 Rde6 24. Ng2 Rf6+ 25. Ke1 Rd6 26. Bc1 1/2-1/2

[Event "Tch-CRO 1stA liga 2017"]
[Site "Mali Losinj"]
[Date "2017.10.01"]
[Round "4.55"]
[White "Vrban, Mladen"]
[Black "Muse, Mladen"]
[Result "0-1"]
[WhiteElo "2295"]
[BlackElo "2391"]
[PlyCount "82"]
[EventDate "2017.??.??"]
[EventCountry "CRO"]

1. f4 d5 2. Nf3 g6 3. g3 Bg7 4. Bg2 Nf6 5. O-O O-O 6. c3 c6 7. d3 Qb6+ 8. Kh1
Nbd7 9. Na3 Re8 10. Qc2 e5 11. fxe5 Nxe5 12. Nxe5 Rxe5 13. e4 Rh5 14. exd5 cxd5
15. Qb3 Qa6 16. Qb5 Qxb5 17. Nxb5 Bf5 18. Nd6 Bxd3 19. Re1 Ne4 20. Bxe4 Bxe4+
21. Kg1 b6 22. Bf4 Bf5 23. Re8+ Rxe8 24. Nxe8 Bh8 25. Rd1 Be6 26. Bb8 a5 27.
Bc7 Bd7 28. Re1 d4 29. Bxb6 dxc3 30. bxc3 Bxc3 31. Re3 Rb5 32. Ba7 Rb1+ 33. Kg2
Ba1 34. Re2 h5 35. Bc5 Bb5 36. Re3 Rb2+ 37. Kf3 Rxa2 38. h4 Bc6+ 39. Kf4 Ra4+
40. Kg5 Bxe8 41. Rxe8+ Kh7 0-1

[Event "Tch-CRO 1stA liga 2017"]
[Site "Mali Losinj"]
[Date "2017.10.01"]
[Round "4.56"]
[White "Zelic, Mladen"]
[Black "Matijevic, Hrvoje"]
[Result "1-0"]
[WhiteElo "2323"]
[BlackElo "2227"]
[PlyCount "63"]
[EventDate "2017.??.??"]
[EventCountry "CRO"]

1. e4 d6 2. Nc3 Nf6 3. f4 c5 4. Nf3 Nc6 5. Bb5 a6 6. Bxc6+ bxc6 7. O-O g6 8. d3
Bg7 9. Qe1 O-O 10. Qh4 c4 11. d4 d5 12. e5 Ne4 13. Be3 Nxc3 14. bxc3 Bf5 15.
Rf2 Qa5 16. g4 Qxc3 17. Re1 Be4 18. Bd2 Qxc2 19. Ng5 h6 20. Nxe4 dxe4 21. f5 g5
22. Bxg5 hxg5 23. Qxg5 f6 24. Qxg7+ Kxg7 25. Rxc2 c5 26. Rxe4 cxd4 27. exf6+
Kxf6 28. Rxd4 Rfd8 29. Rdxc4 Kg5 30. Re2 Rac8 31. Rxc8 Rxc8 32. h3 1-0

[Event "Tch-CRO 1stA liga 2017"]
[Site "Mali Losinj"]
[Date "2017.10.02"]
[Round "5.11"]
[White "Ponkratov, Pavel"]
[Black "Saric, Ivan"]
[Result "1-0"]
[WhiteElo "2591"]
[BlackElo "2662"]
[PlyCount "69"]
[EventDate "2017.??.??"]
[EventCountry "CRO"]

1. e4 c5 2. Nf3 d6 3. d4 cxd4 4. Nxd4 Nf6 5. Nc3 a6 6. Be3 e5 7. Nf3 Be7 8. Bc4
O-O 9. O-O Nc6 10. Qe2 Na5 11. Bd5 Bd7 12. Rfd1 Rc8 13. a4 h6 14. h3 Qc7 15.
Nh4 Rfe8 16. Nf5 Bxf5 17. exf5 Nc4 18. Bc1 Nb6 19. Bb3 Nc4 20. g4 Qc5 21. h4 e4
22. g5 hxg5 23. hxg5 Qxf5 24. Bxc4 Ng4 25. Bd5 Bxg5 26. Bxe4 Rxe4 27. Nxe4 Bh4
28. f3 Ne5 29. Ra3 Nc4 30. Rad3 Ne5 31. Nxd6 Qg6+ 32. Qg2 Rxc2 33. Qxg6 fxg6
34. Rc3 Re2 35. Bf4 1-0

[Event "Tch-CRO 1stA liga 2017"]
[Site "Mali Losinj"]
[Date "2017.10.02"]
[Round "5.12"]
[White "Predojevic, Borki"]
[Black "Martinovic, Sasa"]
[Result "1-0"]
[WhiteElo "2614"]
[BlackElo "2565"]
[PlyCount "187"]
[EventDate "2017.??.??"]
[EventCountry "CRO"]

1. e4 c5 2. Nc3 Nc6 3. Bb5 Nd4 4. Nf3 Nxb5 5. Nxb5 d6 6. d4 a6 7. Nc3 Bg4 8.
dxc5 dxc5 9. Qxd8+ Rxd8 10. Ne5 Nf6 11. Be3 e6 12. f3 Bh5 13. Na4 Nd7 14. Nxd7
Rxd7 15. Nxc5 Bxc5 16. Bxc5 f5 17. e5 Rc7 18. b4 b6 19. Bxb6 Rxc2 20. O-O O-O
21. Bc5 Rd8 22. Rfd1 Rxd1+ 23. Rxd1 Be8 24. a3 Bb5 25. h4 h5 26. Rd6 Bc4 27. a4
Ra2 28. b5 axb5 29. axb5 Bxb5 30. Rxe6 Re2 31. Bd4 Kf7 32. Rb6 Bd7 33. Kh2 Bc8
34. Kg3 Bd7 35. Kh2 Bc8 36. Kg1 Be6 37. Rb7+ Kf8 38. Rb8+ Kf7 39. Rb7+ Kf8 40.
Bc5+ Kg8 41. Re7 Bd5 42. Bb4 Rb2 43. Bc3 Rc2 44. Bd4 Rd2 45. Be3 Re2 46. Bf4
Bc4 47. Re8+ Kf7 48. Rh8 Kg6 49. Rc8 Re1+ 50. Kf2 Re2+ 51. Kg3 Ba2 52. Rc7 Bb3
53. Rb7 Ba2 54. Bc1 Bd5 55. Rc7 Ra2 56. Rd7 Be6 57. Rb7 Ra6 58. Bd2 Bd5 59. Rd7
Be6 60. Re7 Bf7 61. Rc7 Be6 62. Bb4 Bf7 63. Bf8 Rb6 64. Kf4 Ra6 65. Ke3 Rb6 66.
Kd4 Ra6 67. Kc3 Rb6 68. Rd7 Rc6+ 69. Kd3 Bc4+ 70. Kd4 Bf7 71. Ra7 Rc4+ 72. Kd3
Rc6 73. Bd6 Bc4+ 74. Kd4 Be6 75. Bc5 Bb3 76. Bf8 Bf7 77. Kd3 Bc4+ 78. Ke3 Bf7
79. g4 fxg4 80. fxg4 hxg4 81. h5+ Kxh5 82. Rxf7 Kg6 83. Rxg7+ Kf5 84. Bd6 Rc3+
85. Kd4 Rc1 86. Rf7+ Kg6 87. Rf8 Re1 88. Kd5 g3 89. Rg8+ Kf5 90. Rf8+ Kg4 91.
e6 g2 92. e7 g1=Q 93. Rg8+ Kf5 94. Rxg1 1-0

[Event "Tch-CRO 1stA liga 2017"]
[Site "Mali Losinj"]
[Date "2017.10.02"]
[Round "5.13"]
[White "Cvitan, Ognjen"]
[Black "Markus, Robert"]
[Result "1/2-1/2"]
[WhiteElo "2487"]
[BlackElo "2650"]
[PlyCount "31"]
[EventDate "2017.??.??"]
[EventCountry "CRO"]

1. d4 Nf6 2. c4 g6 3. Nc3 Bg7 4. e4 d6 5. Nf3 O-O 6. Be2 c5 7. O-O cxd4 8. Nxd4
Nc6 9. Be3 Bd7 10. Qd2 Nxd4 11. Bxd4 Bc6 12. f3 a5 13. b3 Nd7 14. Be3 Nc5 15.
Rab1 e6 16. Rfd1 1/2-1/2

[Event "Tch-CRO 1stA liga 2017"]
[Site "Mali Losinj"]
[Date "2017.10.02"]
[Round "5.14"]
[White "Kuljasevic, Davorin"]
[Black "Kurajica, Bojan"]
[Result "1-0"]
[WhiteElo "2549"]
[BlackElo "2509"]
[PlyCount "63"]
[EventDate "2017.??.??"]
[EventCountry "CRO"]

1. d4 Nf6 2. c4 e6 3. Nc3 Bb4 4. Qc2 d6 5. Nf3 Nbd7 6. g3 c5 7. Bg2 cxd4 8.
Nxd4 Qb6 9. Nb3 d5 10. a3 Bxc3+ 11. Qxc3 Qc7 12. Bd2 O-O 13. cxd5 Qxc3 14. Bxc3
exd5 15. O-O Ne4 16. Bb4 Re8 17. Rfc1 b6 18. a4 a5 19. Be1 Ba6 20. Nd4 g6 21.
Rc6 Rac8 22. b4 axb4 23. Bxb4 Rxc6 24. Nxc6 Kg7 25. e3 Rc8 26. Ne7 Rc2 27. Nxd5
Nxf2 28. Bc3+ Kh6 29. Bd4 Nd3 30. Nxb6 N7e5 31. Nd5 g5 32. Bxe5 1-0

[Event "Tch-CRO 1stA liga 2017"]
[Site "Mali Losinj"]
[Date "2017.10.02"]
[Round "5.15"]
[White "Muse, Mladen"]
[Black "Jovanic, Ognjen"]
[Result "1/2-1/2"]
[WhiteElo "2391"]
[BlackElo "2490"]
[PlyCount "127"]
[EventDate "2017.??.??"]
[EventCountry "CRO"]

1. Nf3 d5 2. g3 c6 3. Bg2 Bf5 4. O-O e6 5. d3 h6 6. c4 dxc4 7. dxc4 Nd7 8. Nc3
Ngf6 9. b3 Be7 10. Bb2 O-O 11. Qc1 a5 12. Rd1 Qc7 13. Nd4 Bg6 14. e4 Rfd8 15.
Qc2 Nc5 16. Rd2 Rd7 17. Rad1 Rad8 18. f3 Na6 19. Kf1 Nb4 20. Qc1 e5 21. Nde2
Nd3 22. Qc2 Nxb2 23. Qxb2 Bc5 24. Qc2 Ba7 25. Rxd7 Rxd7 26. Rxd7 Nxd7 27. Qd2
Qb6 28. Nd1 Nc5 29. Qc3 f6 30. Bh3 Bf7 31. Ke1 Na6 32. Qd2 a4 33. Qd7 Qc7 34.
Qxc7 Nxc7 35. Kd2 axb3 36. axb3 Ne6 37. Nb2 Nd4 38. Nxd4 Bxd4 39. Nd3 b5 40.
Bd7 bxc4 41. bxc4 c5 42. Bb5 h5 43. Ke2 g6 44. h4 Kg7 45. Kf1 Be6 46. Kg2 Kh6
47. Ba6 g5 48. Bb5 Bg8 49. Ba6 Bf7 50. Bb5 Be6 51. Nf2 g4 52. Ba6 gxf3+ 53.
Kxf3 Kg6 54. Bb5 Kf7 55. Ba6 Ke7 56. Bb5 Bf7 57. Nd1 Kd6 58. Ne3 Bxe3 59. Kxe3
Be6 60. Be8 Bxc4 61. Bxh5 Ke7 62. Kd2 Be6 63. Kc3 f5 64. exf5 1/2-1/2

[Event "Tch-CRO 1stA liga 2017"]
[Site "Mali Losinj"]
[Date "2017.10.02"]
[Round "5.16"]
[White "Plenca, Jadranko"]
[Black "Zelic, Mladen"]
[Result "1-0"]
[WhiteElo "2440"]
[BlackElo "2323"]
[PlyCount "99"]
[EventDate "2017.??.??"]
[EventCountry "CRO"]

1. e4 e5 2. Nf3 Nc6 3. Bb5 f5 4. d3 Nf6 5. O-O fxe4 6. dxe4 Bc5 7. Bxc6 bxc6 8.
Nxe5 O-O 9. Nc3 d6 10. Na4 Qe8 11. Nd3 Bd4 12. c3 Bg4 13. Qc2 Bb6 14. Nxb6 axb6
15. f3 Be6 16. Be3 c5 17. a3 Qb5 18. Rfe1 Nd7 19. Bf2 c4 20. Nb4 Ne5 21. Bg3
Nd3 22. Red1 Nc5 23. Bf2 Na4 24. Rab1 Rf7 25. Qe2 Raf8 26. Nc2 Qe8 27. Nd4 b5
28. Nxe6 Qxe6 29. Rd2 Qg6 30. Kh1 Re7 31. Rbd1 Re5 32. Bd4 Rh5 33. Bg1 Re8 34.
h3 Rhe5 35. Bh2 R5e6 36. Bg1 Re5 37. Bd4 R5e6 38. b3 cxb3 39. Qxb5 Ra8 40. Qxb3
Qf7 41. Rb1 h6 42. Qd5 Ree8 43. c4 Reb8 44. Rdd1 c5 45. Rxb8+ Rxb8 46. Qxd6 Rb3
47. Be5 Rxf3 48. Qd8+ Kh7 49. Rd7 Rxh3+ 50. Kg1 1-0

[Event "Tch-CRO 1stA liga 2017"]
[Site "Mali Losinj"]
[Date "2017.10.02"]
[Round "5.21"]
[White "Postny, Evgeny"]
[Black "Srbis, Jurica"]
[Result "1-0"]
[WhiteElo "2569"]
[BlackElo "2421"]
[PlyCount "105"]
[EventDate "2017.??.??"]
[EventCountry "CRO"]

1. d4 Nf6 2. c4 e6 3. Nf3 c5 4. d5 d6 5. Nc3 exd5 6. cxd5 g6 7. Bf4 a6 8. a4
Bg7 9. h3 O-O 10. e3 Ne8 11. Be2 Qe7 12. O-O Nd7 13. Re1 Rb8 14. Nd2 Nc7 15.
Qb3 Ne5 16. a5 f5 17. Bh2 g5 18. f4 Nf7 19. Bd3 gxf4 20. exf4 Qf6 21. Kh1 Bd7
22. Rab1 Rfe8 23. Rxe8+ Bxe8 24. Qc2 Bd7 25. Nc4 Nh6 26. Nb6 Be8 27. Re1 Rd8
28. Qe2 Bf7 29. Qf3 Re8 30. Rxe8+ Bxe8 31. Qe2 Kf8 32. Bg3 Qd8 33. Bf2 Bf7 34.
Qf3 Bg6 35. Qd1 Qe7 36. Qb3 Ne8 37. Qc4 Nf6 38. Nc8 Qc7 39. Nxd6 Nd7 40. Nxb7
Qxb7 41. Qxa6 Qxb2 42. Qd6+ Kg8 43. Ne2 Qa1+ 44. Ng1 Qa4 45. a6 Bf8 46. Qc6
Qxc6 47. dxc6 Nb6 48. a7 Bf7 49. c7 Bd5 50. Bc4 Bxc4 51. a8=Q Nxa8 52. c8=Q Nb6
53. Qc6 1-0

[Event "Tch-CRO 1stA liga 2017"]
[Site "Mali Losinj"]
[Date "2017.10.02"]
[Round "5.22"]
[White "Radovanovic, Nikola"]
[Black "Gharamian, Tigran"]
[Result "1/2-1/2"]
[WhiteElo "2398"]
[BlackElo "2626"]
[PlyCount "38"]
[EventDate "2017.??.??"]
[EventCountry "CRO"]

1. d4 Nf6 2. c4 g6 3. Nc3 d5 4. cxd5 Nxd5 5. e4 Nxc3 6. bxc3 Bg7 7. Qa4+ Nd7 8.
Nf3 O-O 9. Be2 c5 10. O-O a6 11. Qa3 b6 12. e5 Bb7 13. Bg5 Re8 14. Qb3 Qc7 15.
e6 fxe6 16. Qxe6+ Kh8 17. Be3 Nf8 18. Qg4 cxd4 19. cxd4 Qc2 1/2-1/2

[Event "Tch-CRO 1stA liga 2017"]
[Site "Mali Losinj"]
[Date "2017.10.02"]
[Round "5.23"]
[White "Jovanovic, Zoran"]
[Black "Ivekovic, Zvonimir"]
[Result "0-1"]
[WhiteElo "2534"]
[BlackElo "2409"]
[PlyCount "79"]
[EventDate "2017.??.??"]
[EventCountry "CRO"]

1. e4 c5 2. Ne2 d6 3. g3 Nf6 4. Bg2 e6 5. c3 Be7 6. d4 O-O 7. O-O Nbd7 8. h3
Rb8 9. a4 b6 10. g4 Bb7 11. Ng3 d5 12. e5 Ne4 13. Nxe4 dxe4 14. Qe2 f6 15. Bxe4
Bxe4 16. Qxe4 cxd4 17. exf6 Bxf6 18. cxd4 e5 19. dxe5 Bxe5 20. f4 Qh4 21. Kg2
Rbe8 22. Ra3 Bb8 23. Qd5+ Rf7 24. Re3 Ref8 25. Nc3 Kh8 26. Ref3 Qe7 27. Qe4 Qd8
28. Rd1 Qc8 29. Qe6 Qb7 30. Qd5 Qc7 31. Rd4 Nf6 32. Qb5 Qb7 33. Be3 a6 34. Qd3
h6 35. Ne4 Nd7 36. Rf2 Nc5 37. Qc4 Nxe4 38. Rc2 Bxf4 39. Bg1 Rc7 40. Qd3 0-1

[Event "Tch-CRO 1stA liga 2017"]
[Site "Mali Losinj"]
[Date "2017.10.02"]
[Round "5.24"]
[White "Ostovic, Matija"]
[Black "Djurovic, Goran"]
[Result "1/2-1/2"]
[WhiteElo "2334"]
[BlackElo "2387"]
[PlyCount "50"]
[EventDate "2017.??.??"]
[EventCountry "CRO"]

1. e4 c5 2. c3 d5 3. exd5 Qxd5 4. d4 Nf6 5. Nf3 Bg4 6. Be2 e6 7. O-O Nc6 8. h3
Bh5 9. Be3 cxd4 10. cxd4 Be7 11. Nc3 Qd6 12. Nb5 Qd8 13. Ne5 Bxe2 14. Qxe2 Nd5
15. Rac1 a6 16. Nxc6 bxc6 17. Nc3 O-O 18. Ne4 Qb6 19. Rc2 Qb5 20. a3 Qxe2 21.
Rxe2 f5 22. Nc3 Nxc3 23. bxc3 Bxa3 24. Bf4 Rfe8 25. Ra1 Bf8 1/2-1/2

[Event "Tch-CRO 1stA liga 2017"]
[Site "Mali Losinj"]
[Date "2017.10.02"]
[Round "5.25"]
[White "Bukal, Vladimir Jr"]
[Black "Vrban, Mladen"]
[Result "1-0"]
[WhiteElo "2397"]
[BlackElo "2295"]
[PlyCount "111"]
[EventDate "2017.??.??"]
[EventCountry "CRO"]

1. d4 f5 2. Bf4 Nf6 3. e3 e6 4. Nd2 Be7 5. h3 O-O 6. Bd3 d6 7. Ngf3 Nc6 8. c3
Kh8 9. Qe2 Qe8 10. g4 Nd5 11. Bh2 Bd8 12. O-O-O Qf7 13. Bc2 a5 14. e4 Nb6 15.
e5 d5 16. Rdg1 Nc4 17. gxf5 Nxd2 18. Nxd2 exf5 19. Bf4 Be6 20. h4 Be7 21. h5
Nd8 22. Nf3 Bd7 23. e6 Qxe6 24. Ne5 Re8 25. Qd3 Kg8 26. Nxd7 Qxd7 27. Be5 Bf8
28. Bxg7 Bxg7 29. h6 Re7 30. Qh3 Ra6 31. Bxf5 Rxh6 32. Bxd7 Rxh3 33. Bxh3 Rf7
34. Rg2 Kf8 35. Bg4 Bf6 36. Rh5 c6 37. Bf5 h6 38. Kc2 Bg5 39. Bg4 Rf4 40. Rh3
Re4 41. f3 Rf4 42. Re2 b6 43. Re5 Nf7 44. Rf5 Rxf5 45. Bxf5 Ke7 46. Rh1 Kf6 47.
Bg4 Bf4 48. a4 Nd6 49. Re1 Kg5 50. Rh1 Kg6 51. b3 Kf6 52. Kd3 c5 53. Rh5 Bg5
54. f4 Bxf4 55. dxc5 Ne4 56. Rf5+ 1-0

[Event "Tch-CRO 1stA liga 2017"]
[Site "Mali Losinj"]
[Date "2017.10.02"]
[Round "5.26"]
[White "Matijevic, Hrvoje"]
[Black "Bozinovic, Bogdan"]
[Result "1-0"]
[WhiteElo "2227"]
[BlackElo "2174"]
[PlyCount "83"]
[EventDate "2017.??.??"]
[EventCountry "CRO"]

1. d4 Nf6 2. Nf3 c5 3. d5 e6 4. c4 exd5 5. cxd5 d6 6. Nc3 g6 7. e4 a6 8. Qe2
Bg4 9. e5 Bxf3 10. gxf3 dxe5 11. Qxe5+ Qe7 12. Qxe7+ Bxe7 13. Bh6 Bf8 14. Be3
Nbd7 15. O-O-O Bg7 16. Ne4 O-O 17. Kb1 b6 18. Bf4 Rfe8 19. Bh3 Nxe4 20. Bxd7
Nxf2 21. Bxe8 Rxe8 22. Rhe1 Rd8 23. Rd2 Nh3 24. Bc7 Rd7 25. Re8+ Bf8 26. Bxb6
Kg7 27. Rd8 Rxd8 28. Bxd8 Bd6 29. Bb6 Ng5 30. Rf2 f5 31. Kc2 Nh3 32. Re2 Nf4
33. Rd2 g5 34. Kb3 Ng6 35. Rc2 Ne5 36. Bxc5 Bxc5 37. Rxc5 Nxf3 38. d6 Kf6 39.
Kc4 g4 40. d7 Ke7 41. Rxf5 Nxh2 42. Rh5 1-0

[Event "Tch-CRO 1stA liga 2017"]
[Site "Mali Losinj"]
[Date "2017.10.02"]
[Round "5.31"]
[White "Fedorchuk, Sergey A"]
[Black "Rogic, Davor"]
[Result "1/2-1/2"]
[WhiteElo "2640"]
[BlackElo "2511"]
[PlyCount "34"]
[EventDate "2017.??.??"]
[EventCountry "CRO"]

1. e4 e5 2. Nf3 Nc6 3. Bb5 a6 4. Ba4 Nf6 5. O-O Be7 6. Re1 b5 7. Bb3 d6 8. c3
O-O 9. h3 Nb8 10. d4 Nbd7 11. c4 c6 12. Qc2 Bb7 13. Nc3 exd4 14. Nxd4 b4 15.
Na4 c5 16. Nf5 Re8 17. Bf4 Bf8 1/2-1/2

[Event "Tch-CRO 1stA liga 2017"]
[Site "Mali Losinj"]
[Date "2017.10.02"]
[Round "5.32"]
[White "Dabo-Peranic, Robert"]
[Black "Georgiev, Kiril"]
[Result "0-1"]
[WhiteElo "2341"]
[BlackElo "2631"]
[PlyCount "42"]
[EventDate "2017.??.??"]
[EventCountry "CRO"]

1. e4 c5 2. Nf3 d6 3. d4 Nf6 4. Nc3 cxd4 5. Nxd4 a6 6. Bg5 e6 7. f4 h6 8. Bh4
Be7 9. Qf3 Nc6 10. Nxc6 bxc6 11. e5 Nd5 12. Bxe7 Qxe7 13. Ne4 dxe5 14. fxe5
Qb4+ 15. c3 Qxb2 16. Nd6+ Ke7 17. Qxf7+ Kd8 18. Qxg7 Qxc3+ 19. Ke2 Re8 20. Nxe8
Rb8 21. Kf2 Qe3# 0-1

[Event "Tch-CRO 1stA liga 2017"]
[Site "Mali Losinj"]
[Date "2017.10.02"]
[Round "5.33"]
[White "Muse, Drazen"]
[Black "Rubil, Marko"]
[Result "1/2-1/2"]
[WhiteElo "2356"]
[BlackElo "2298"]
[PlyCount "22"]
[EventDate "2017.??.??"]
[EventCountry "CRO"]

1. Nf3 f5 2. d3 d6 3. e4 e5 4. Nc3 Nc6 5. h3 Nf6 6. exf5 Bxf5 7. g4 Bg6 8. Bg2
Be7 9. Nh4 Bf7 10. Nf5 O-O 11. O-O Qd7 1/2-1/2

[Event "Tch-CRO 1stA liga 2017"]
[Site "Mali Losinj"]
[Date "2017.10.02"]
[Round "5.34"]
[White "Matanovic, Luka"]
[Black "Zovko, Mario"]
[Result "1/2-1/2"]
[WhiteElo "2211"]
[BlackElo "2328"]
[PlyCount "51"]
[EventDate "2017.??.??"]
[EventCountry "CRO"]

1. e4 c6 2. d4 d5 3. Nc3 dxe4 4. Nxe4 Bf5 5. Ng3 Bg6 6. Nf3 Nd7 7. h4 h6 8. h5
Bh7 9. Bd3 Bxd3 10. Qxd3 Qc7 11. Bd2 e6 12. O-O-O Ngf6 13. Ne4 O-O-O 14. g3
Nxe4 15. Qxe4 Nf6 16. Qe2 Bd6 17. c4 c5 18. Bc3 cxd4 19. Nxd4 a6 20. Nf3 Rd7
21. b3 Rhd8 22. Ne5 Bxe5 23. Bxe5 Rxd1+ 24. Rxd1 Rxd1+ 25. Kxd1 Qc5 26. Bxf6
1/2-1/2

[Event "Tch-CRO 1stA liga 2017"]
[Site "Mali Losinj"]
[Date "2017.10.02"]
[Round "5.35"]
[White "Mrdja, Milan"]
[Black "Vukelic, Tomislav"]
[Result "1/2-1/2"]
[WhiteElo "2295"]
[BlackElo "2226"]
[PlyCount "33"]
[EventDate "2017.??.??"]
[EventCountry "CRO"]

1. e4 e5 2. Nf3 Nc6 3. Bb5 Bc5 4. c3 Bb6 5. O-O Nge7 6. Na3 O-O 7. Nc4 d5 8.
Nxb6 axb6 9. d3 dxe4 10. dxe4 Qxd1 11. Rxd1 Be6 12. a3 Bb3 13. Re1 Rfd8 14. Nd2
Na5 15. a4 Ng6 16. g3 h6 17. Ra3 1/2-1/2

[Event "Tch-CRO 1stA liga 2017"]
[Site "Mali Losinj"]
[Date "2017.10.02"]
[Round "5.36"]
[White "Soldo, Josip"]
[Black "Zivkovic, Nikola"]
[Result "1/2-1/2"]
[WhiteElo "2122"]
[BlackElo "2180"]
[PlyCount "42"]
[EventDate "2017.??.??"]
[EventCountry "CRO"]

1. e4 c5 2. Nf3 d6 3. d4 cxd4 4. Nxd4 Nf6 5. Nc3 a6 6. Bg5 e6 7. f4 Be7 8. Qf3
Qc7 9. g4 Nbd7 10. O-O-O h6 11. Bxf6 gxf6 12. f5 Ne5 13. Qh3 Bd7 14. fxe6 fxe6
15. g5 Kf7 16. gxh6 Rag8 17. Qh5+ Rg6 18. Nf5 Bf8 19. Nd4 Be7 20. Nf5 Bf8 21.
Nd4 Be7 1/2-1/2